Cú Đánh Thức Tỉnh Trí Sáng Tạo (Sách Bỏ Túi)

Salvato in:
Dettagli Bibliografici
Autore principale: Roger von oech
Natura: Libro
Lingua:Vietnamese
Pubblicazione: Lao động xã hội 2014
Tags: Aggiungi Tag
Nessun Tag, puoi essere il primo ad aggiungerne! !
Thư viện lưu trữ: Mạng thư viện Đại học Đà Nẵng
LEADER 00654nam a2200277 4500
001 000026382
003 369
005 20150204120000.0
008 150204s vm 000 vie
020 |c 49000,0000 
040 |a D1 
100 |a Roger von oech 
245 |a Cú Đánh Thức Tỉnh Trí Sáng Tạo (Sách Bỏ Túi) 
260 |b Lao động xã hội  |c 2014 
300 |a 311tr. ; 
OWN |a LTT 
999 |a From the UDN01 
TYP |a Monograph 
TYP |a Printed language 
980 |a Mạng thư viện Đại học Đà Nẵng